000 01482nam a2200361 a 4500
001 ebr2004502
003 CaPaEBR
006 m u
007 cr cn|||||||||
008 001218s2000 enk sb 001 0 eng
010 _z 00035263
015 _aGB99-V6222
016 7 _a0333764951
_2Uk
020 _z0333764951
020 _z0312227809(U.S. (St. Martins))
040 _aCaPaEBR
_cCaPaEBR
035 _a(OCoLC)49851642
050 1 4 _aKJC6245
_b.W55 2000eb
082 0 4 _a341.762
_221
100 1 _aWilliams, Paul R.
245 1 0 _aInternational law and the resolution of Central and East European transboundary environmental disputes
_h[electronic resource] /
_cPaul R. Williams.
260 _aBasingstoke :
_bMacmillan,
_c2000.
300 _axxiii, 345 p.
504 _aIncludes bibliographic references and index.
533 _aElectronic reproduction.
_bPalo Alto, Calif. :
_cebrary,
_d2013.
_nAvailable via World Wide Web.
_nAccess may be limited to ebrary affiliated libraries.
650 0 _aTransboundary pollution
_xLaw and legislation
_zEurope, Eastern.
650 0 _aTransboundary pollution
_xLaw and legislation
_zEurope, Eastern
_vCases.
650 0 _aEnvironmental law, International.
650 0 _aEnvironmental law, International
_vCases.
655 7 _aElectronic books.
_2local
710 2 _aebrary, Inc.
856 4 0 _uhttp://site.ebrary.com/lib/rucke/Doc?id=2004502
_zAn electronic book accessible through the World Wide Web; click to view
999 _c123029
_d123029